000 00908nam a22002657a 4500
008 160827s2015 br||||| |||| 00| 0 por d
020 _a9788363820367
082 0 4 _a708
_bM994m
100 1 _aKantor, Tadeusz.
_95489
245 1 0 _aMáquina Tadeusz Kantor /
_cTadeusz Kantor ; Sesc.
250 _a1a ed.
260 _aSao Paulo, Brasil :
_bSesc,
_c2015.
300 _a223 p.
_bil. col.
500 _aCatálogo publicado con motivo a la exposición "Máquina Tadeusz Kantor: teatro + happennigs + performances + outros modos de poducao", realizada en Sesc Consolacao, del 19 de agosto al 14 de noviembre del 2015.
653 1 0 _aArte contemporáneo
653 1 0 _aExhibiciones
653 1 0 _aCatálogo de exhibición
653 1 0 _aPerformance
653 1 0 _aArtes plásticas
653 1 0 _aTeatro
653 1 0 _aArte polaco
653 1 0 _aInstalaciones
653 1 0 _aPintura
710 1 _aSesc.
_95490
999 _c1039
_d1039